Lumsop Sayām / (Record no. 85005)
[ view plain ]
| 000 -LEADER | |
|---|---|
| fixed length control field | 00751nam a2200229 i 4500 |
| 001 - CONTROL NUMBER | |
| control field | sa 68013271 |
| 003 - CONTROL NUMBER IDENTIFIER | |
| control field | DLC |
| 005 - DATE AND TIME OF LATEST TRANSACTION | |
| control field | 20260227112620.0 |
| 008 - FIXED-LENGTH DATA ELEMENTS--GENERAL INFORMATION | |
| fixed length control field | 850119s1965 th ac 00010 thao |
| 010 ## - LIBRARY OF CONGRESS CONTROL NUMBER | |
| LC control number | sa 68013271 //r852 |
| 043 ## - GEOGRAPHIC AREA CODE | |
| Geographic area code | a-th--- |
| 050 0# - LIBRARY OF CONGRESS CALL NUMBER | |
| Classification number | DS578 |
| Item number | .B8 |
| 100 00 - MAIN ENTRY--PERSONAL NAME | |
| Personal name | Bunrō̜t Mōrārư̄ang. |
| 245 10 - TITLE STATEMENT | |
| Title | Lumsop Sayām / |
| Statement of responsibility, etc. | banthưk dōi Nirandō̜nchai [i.e. Bunrō̜t Mōrārư̄ang læ Khathādam. |
| 260 0# - PUBLICATION, DISTRIBUTION, ETC. | |
| Place of publication, distribution, etc. | [Phra Nakhō̜n] : |
| Name of publisher, distributor, etc. | ʻŌdīan Kānphim, |
| Date of publication, distribution, etc. | [1965] |
| 300 ## - PHYSICAL DESCRIPTION | |
| Extent | 4, 12, 945 p. : |
| Other physical details | ill. ports. ; |
| Dimensions | 19 cm. |
| 500 ## - GENERAL NOTE | |
| General note | "Nangsư̄ sarakhadī kānmư̄ang." |
| 500 ## - GENERAL NOTE | |
| General note | In Thai. |
| 651 #0 - SUBJECT ADDED ENTRY--GEOGRAPHIC NAME | |
| Geographic name | Thailand |
| General subdivision | Politics and government. |
| 651 #0 - SUBJECT ADDED ENTRY--GEOGRAPHIC NAME | |
| Geographic name | Thailand |
| General subdivision | Kings and rulers. |
| 700 00 - ADDED ENTRY--PERSONAL NAME | |
| Personal name | Khathādam, |
| Relator term | joint author. |
No items available.